Fine Arts - Visual Fine Arts | 2 | 7 | 0 | 1 | 100 | 16 | 89.33 | 5 | 9 |
History - European History | 5 | 2 | 2 | 0 | 85 | 23 | 58.14 | 5 | 7 |
Social Science | 1 | 5 | 0 | 2 | 65 | 42 | 100.67 | 1 | 4 |
History - World History | 2 | 3 | 1 | 0 | 55 | 33 | 64.20 | 2 | 5 |
World and Other Literature | 1 | 3 | 0 | 0 | 45 | 65 | 103.50 | 0 | 3 |
History - American History | 1 | 3 | 1 | 1 | 40 | 35 | 92.25 | 2 | 4 |
British and Commonwealth History | 0 | 3 | 0 | 1 | 30 | 120 | 129.00 | 0 | 3 |
Other Arts: Auditory | 0 | 3 | 0 | 0 | 30 | 102 | 119.00 | 0 | 2 |
Ancient History and Archaeology | 1 | 1 | 0 | 0 | 25 | 54 | 85.50 | 1 | 2 |
Other Arts: Visual | 0 | 3 | 1 | 0 | 25 | 77 | 104.33 | 1 | 3 |
Literature - European Literature | 0 | 2 | 0 | 1 | 20 | 127 | 129.50 | 0 | 2 |
Beliefs | 0 | 3 | 2 | 1 | 20 | 100 | 127.00 | 2 | 3 |
Other Science: Earth Science | 0 | 2 | 0 | 1 | 20 | 135 | 143.00 | 0 | 1 |
Literature - American Literature | 0 | 2 | 0 | 0 | 20 | 104 | 122.50 | 0 | 2 |
Fine Arts - Auditory Fine Arts | 0 | 2 | 0 | 0 | 20 | 89 | 109.00 | 0 | 1 |
Philosophy | 0 | 2 | 1 | 0 | 15 | 90 | 102.00 | 1 | 1 |
Other Science: Math | 0 | 1 | 0 | 0 | 10 | 102 | 102.00 | 0 | 1 |
Other Academic | 0 | 1 | 0 | 0 | 10 | 109 | 109.00 | 0 | 1 |
Geography | 0 | 1 | 0 | 1 | 10 | 125 | 125.00 | 0 | 0 |
Literature - British Literature | 0 | 1 | 0 | 0 | 10 | 149 | 149.00 | 0 | 1 |
Science - Biology | 0 | 1 | 0 | 1 | 10 | 135 | 135.00 | 0 | 1 |
Science - Chemistry | 0 | 1 | 0 | 0 | 10 | 131 | 131.00 | 0 | 1 |
Science - Physics | 0 | 0 | 0 | 0 | 0 | | 0.00 | 0 | 0 |